Sanat - "Tunnista tuntiin" - Behm ja Ege Zulu - Statistics

Yleistilastot
  • Tätä visaa on pelattu 96 kertaa
  • Keskiarvotulos 122 / 192
Vastaustilastot
Vastaus % Oikein
sua
99%
Tunnista
97%
96%
tuntiin
96%
mua
94%
on
93%
en
91%
En
91%
ikävä
91%
90%
90%
oo
85%
ikinä
84%
miettiny
84%
mietit
82%
Mietit
82%
Oon
82%
oon
82%
ja
81%
jos
81%
ees
79%
voi
79%
sen
78%
siitä
78%
sitä
78%
Et
75%
et
75%
kieltää
75%
mitään
75%
saa
73%
halua
72%
Mietitsä
70%
vaan
70%
Vähän
70%
viesti
70%
ei
69%
tietää
69%
Mist
67%
voisin
67%
aamuun
66%
asti
66%
tää
66%
valvonu
66%
jää
63%
mut
63%
Mut
63%
sattuu
63%
täytyy
63%
Tätä
61%
joka
60%
liekkii
60%
miettii
60%
rakkaus
60%
sokeeks
60%
tekee
60%
varovasti
60%
siin
58%
lovee
57%
oli
57%
pelkään
57%
pysty
57%
viestii
57%
aika
55%
alkavaa
55%
avaa
55%
Nyt
55%
nyt
55%
Odotan
55%
ovee
55%
ruokkii
55%
tunnelukossa
55%
hukkaan
54%
Kaikesta
54%
päätellen
54%
kun
52%
nopee
52%
sammu
52%
sult
52%
valuu
52%
Amor
49%
ampu
49%
apuu
49%
Entä
49%
entä
49%
Miks
49%
vääriä
49%
enää
48%
kanssa
48%
kestä
48%
kohteita
48%
oot
48%
Tarviin
48%
elää
46%
me
46%
niin
46%
Sellaista
46%
tän
46%
ympäripäissään
46%
Jäätkö
45%
must
45%
sait
43%
ennallaan
42%
laitan
42%
lauluun
42%
mikään
42%
pitää
42%
kumpikaan
40%
otteen
40%
Ettei
39%
kokee
39%
sut
39%
joudun
37%
päättyy
37%
perään
37%
kaikki
36%
sanokaan
36%
toistemme
36%
vaik
36%
viel
36%
herään
34%
luonnostasolle
34%
pääse
34%
todellisuuteen
34%
yli
34%
huudetaan
33%
moneen
33%
sanoa
33%
voinkohan
33%
putoo
31%
sulle
31%
osata
30%
Eihän
28%
puhuu
28%
minä
22%
täs
22%
Moi
19%
Ehtoja vastaavia visoja ei löytynyt
Tulosjakauma
Jokaisen tuloksen saaneiden osuus
Persentiili vastausten määrän mukaan
Tuloshistoriasi
Et ole pelannut tätä visaa